| 000 | 00968nam a2200265 i 4500 | ||
|---|---|---|---|
| 001 | 170228 | ||
| 003 | ES-MaACL | ||
| 005 | 20250524063100.0 | ||
| 008 | 090213s1979 fr |||| | fre d | ||
| 080 | _a782.1 | ||
| 080 | _a792.026 | ||
| 100 | 1 |
_aBerg, Alban, _d1885-1935 _9240618 |
|
| 245 | 1 | 0 |
_aLulu _b: opéra en trois actes : livret bilingue / _cAlban Berg ; traduction française de Isabelle et Hans Hildenbrand. |
| 260 |
_aParis : _bThéatre National de l'Opéra de Paris, _c1979. |
||
| 300 |
_a269 p. ; _c23 cm. |
||
| 490 | 1 | _aMusiques & musiciens | |
| 546 | _aTexto alemán y traducción en francés. | ||
| 650 | 4 |
_aÓperas- _vLibretos. _9137584 |
|
| 700 | 1 |
_aHildenbrand, Isabelle. _9139443 |
|
| 700 | 1 |
_aHildenbrand, Hans. _9139444 |
|
| 710 | 2 |
_aOpéra national de Paris. _915716 |
|
| 830 | 0 |
_aMusiques & musiciens _9188927 |
|
| 852 | 4 |
_aES-MaACL _jE-12455 _9R.140591 _z. - Biblioteca Jacinto Martínez Lacalle |
|
| 999 |
_c170228 _d170228 |
||